Fuzzy Aggregation For Ranking in Business

Článok ukazuje, ako zaobchádzať s neheterogénnymi údajmi a pripraviť ich na proces hodnotenia pomocou teórie fuzzy množín. Cieľom článku je ponúknuť niekoľko typov metód hodnotenia založených na rôznych vstupoch a preferenciách používateľa a popisuje vhodné fuzzy agregácie na riešenie problému hodno...

Descripción completa

Guardado en:
Detalles Bibliográficos
Autor principal: Rakovská, Eva, 1963-
Formato: Capítulo de libro
Lenguaje:inglés
Materias:
Etiquetas: Agregar Etiqueta
Sin Etiquetas, Sea el primero en etiquetar este registro!

MARC

LEADER 00000naa$a2200000$$$4500
001 0281598
005 20250520130048.2
041 0 |a eng 
044 |a CZ 
245 1 0 |a Fuzzy Aggregation For Ranking in Business  |c Eva Rakovská 
520 |a Článok ukazuje, ako zaobchádzať s neheterogénnymi údajmi a pripraviť ich na proces hodnotenia pomocou teórie fuzzy množín. Cieľom článku je ponúknuť niekoľko typov metód hodnotenia založených na rôznych vstupoch a preferenciách používateľa a popisuje vhodné fuzzy agregácie na riešenie problému hodnotenia. 
610 2 0 |a hodnotenie pracoviska 
610 2 0 |a ranking 
610 2 0 |a vedomosti 
610 2 0 |a dáta 
610 2 0 |a manažment 
100 1 |a Rakovská, Eva, 1963-